| 000 | 00830nam a22002537a 4500 | ||
|---|---|---|---|
| 003 | OSt | ||
| 005 | 20140310184527.0 | ||
| 008 | 131022t xxu||||| |||| 00| 0 eng d | ||
| 020 | _a0590436619 | ||
| 050 |
_aE 185.61 _b.H374 1992 |
||
| 100 |
_aHaskins, Jim. _929088 |
||
| 245 |
_aThe day Martin Luther King, Jr., was shot / _cJim Haskins. |
||
| 260 |
_aNew York : _bScholastic inc., _c1992. |
||
| 300 |
_a96 p. : _bill. ; _c25 cm. |
||
| 521 | _aG12 | ||
| 526 | _c1140 | ||
| 650 |
_aKing, Martin Luther, Jr., 1929-1968 _xJuvenile literature. _930321 |
||
| 650 |
_a African Americans _vCivil rights _xJuvenile literature. _930322 |
||
| 650 |
_a20th century _xJuvenile literature. _930323 |
||
| 650 |
_aCivil rights movements _vUnited States _xHistory _930324 |
||
| 942 |
_2lcc _cBK-SCHOLAS |
||
| 999 |
_c35149 _d35149 |
||